000 00668nam a2200205Ia 4500
003 GCL
008 140319s9999 xx 000 0 ara d
040 _aGCL /
_cGCL
082 0 4 _a839.82
_bا ح
100 1 _aابسن، هنريك
245 1 0 _aحورية البحر /
_cابسن، هنريك
700 1 _aمحمود عزت موسى(مترجم)
700 1 _aمحمد عبدالنبى غانم(مراجع)
300 _a232 ص
490 _aروائع المسرح العالمى
_v0
650 0 4 _aالادب النرويجى
650 0 4 _aالمسرح النرويجى
650 0 4 _aالمسرحيات النرويجية المترجمة
942 _2ddc
_cBK
999 _c38389
_d38389